1618 1089 1218 1191 1751 1134 1909 1589 1119 1498 1867 1123 1158 1304 1096 1824 1248 1033 1915 1306 1146 1628 1461 1600 1758 1942 1446 1067 1688 1005 1482 1497 1742 1197 1755 1321 1944 1956 1164 1986 1654 1547 1991 1705 1987 1462 1538 1200 1489 1936 1901 1144 1204 1249 1656 1292 1160 1410 1453 1830 1825 1909 1250 1642 1506 1983 1834 1251 1226 1408 1734 1192 1539 1045 1718 1431 1167 1905 1448 1156 1124 1361 1265 1997 1111 1374 1104 1740 1169 1635 1662 1429 1405 1246 1881 1808 1541 1962 1780 BCNSPRNW ULIB Ver.6.0+V

เปลี่ยนเป็นภาษาไทย

Change to English
 แสดงรายละเอียดบรรณานุกรม
  กลับหน้าหลัก

Brief Record : Get Marc (ISO 2709) : E-mail record : QR code < ปิดหน้าต่าง
LEADER : 00000nam 2200000uu 4500
001    13399120640
003     ULIB
008    121002s2550||||th 000 0 tha d
020    ^a9789746457583
050 04 ^aBF576^bส719ท ล.2 2550
110 2  ^aมหาวิทยาลัยสุโขทัยธรรมาธิราช.^bสาขาวิชาศิลปศาสตร์
245 10 ^aทักษะชีวิต หน่วยที่ 8-15=^bLife skills /^cสาขาวิชาศิลปศาสตร์มหาวิทยาลัยสุโขทัยธรรมาธิราช
246 31 ^aLife skills
250    ^aพิมพ์ครั้งที่ 9
260    ^aนนทบุรี :^bมหาวิทยาลัย,^c2550
300    ^a2 เล่ม :^bภาพประกอบ, ตาราง
440  0 ^aเอกสารการสอนชุดวิชา ;^v10103
504    ^aมีบรรณานุกรมประกอบ
505 0  ^aล.2^tหน่วยที่ 8-15
650  7 ^aจิตวิทยาประยุกต์
650  7 ^aความสำเร็จ
650  7 ^aการดำเนินชีวิต
945    ^p0^l0^i14779
945    ^p0^l0^i14883
995    ^aวิภา
999 ^a ใช้งานได้ทุกระบบ
รายการนี้ยังไม่มีแท็ก
คุณยังไม่ได้ล็อกอิน คุณสามารถมีกิจกรรมร่วมกับเว็บไซต์ได้ แต่ต้องล็อกอินก่อน ::
  ล็อกอิน

รายการสื่อสารสนเทศ

ลำดับที่ ประเภท เลขเรียก/บาร์โค้ด สถานที่ สถานะ
1. วิทยาศาสตร์การแพทย์ และสุขภาพ
วิทยาศาสตร์การแพทย์ และสุขภาพ
สถานะ=หนังสือเก่า
BF576 ส719ท ล.2 2550  
  Barcode: 14779
ห้องสมุดวิทยาเขตนครสวรรค์
►ส่วนจัดเก็บหนังสือเก่า นว.
บนชั้น
  ขอยืม
2. วิทยาศาสตร์การแพทย์ และสุขภาพ
วิทยาศาสตร์การแพทย์ และสุขภาพ
สถานะ=หนังสือเก่า
BF576 ส719ท ล.2 2550 ฉ.2 
  Barcode: 14883
ห้องสมุดวิทยาเขตนครสวรรค์
►ส่วนจัดเก็บหนังสือเก่า นว.
บนชั้น
  ขอยืม

รายการใกล้เคียง
    หัวเรื่อง [จิตวิทยาประยุกต์]
    หัวเรื่อง [ความสำเร็จ]
    หัวเรื่อง [การดำเนินชีวิต]

BibComment


ยังไม่เคยถูกคอมเมนท์

คอมเมนท์ทรัพยากรรายการนี้
  คอมเมนท์: ทักษะชีวิต หน่วย..


 Copyright 2026. Bcnsprnw @Library